00401nam a22001457a 4500003000400000008004100004020001800045082001400063100002900077245006800106250001300174260004900187300001100236650000800247OSt240413b |||||||| |||| 00| 0 eng d a9789358703955 a006.3 PAI aPANEERSELVAM, Manikandan aAn Introduction to Artificial Intelligence and Machine Learning aIst. ed. aNew DelhibS chand and Company Limitedc2024 a272 p. aBCA